[Event "KEN-ch"]
[Site "Nairobi"]
[Date "2022.12.27"]
[Round "3"]
[White "Kagambi, Lawrence"]
[Black "Orondo, Rangara Nicholas"]
[Result "1-0"]
[WhiteElo "1758"]
[BlackElo "1432"]
[PlyCount "105"]
[EventDate "2022.12.26"]
[EventType "swiss"]
[EventRounds "9"]
[EventCountry "KEN"]
[SourceTitle "EXT 2024"]
[Source "ChessBase"]
[SourceDate "2023.10.10"]
[SourceVersion "1"]
[SourceVersionDate "2023.10.10"]
[SourceQuality "1"]

1. e4 c5 2. Nf3 Nc6 3. Bc4 g6 4. d4 cxd4 5. Nxd4 Bg7 6. Nxc6 bxc6 7. Nc3 Rb8 8. 0-0 d6 9. Qf3 Nf6 10. e5 dxe5 11. Qxc6+ Bd7 12. Qf3 0-0 13. Re1 Qc7 14. Bb3 Bc6 15. Qe2 Nh5 16. Bg5 Qb7 17. f3 Rbd8 18. Rad1 Bf6 19. Bh6 Rfe8 20. Qc4 e6 21. Ne4 Bxe4 22. fxe4 Qe7 23. c3 g5 24. g3 Bg7 25. Bxg7 Kxg7 26. Qe2 Nf6 27. Ba4 Rxd1 28. Bxd1 Nd7 29. Ba4 Rb8 30. b4 Nb6 31. Bb3 Rc8 32. Qb5 Qc7 33. Re3 Rd8 34. a4 Qd6 35. a5 Nc8 36. Re1 Qc7 37. Re3 h5 38. Qf1 Nd6 39. Qe2 Qe7 40. Rd3 g4 41. Qd1 Nb7 42. Rxd8 Qxd8 43. Qxd8 Nxd8 44. Ba4 f5 45. a6 Nf7 46. b5 Nd6 47. b6 axb6 48. a7 Nxe4 49. a8Q Nxc3 50. Be8 Nd5 51. Bxh5 e4 52. Qe8 Kf6 53. Bf7 1-0